000
00246nmm a2200085Ia 4500
008
220120s9999||||xx |||||||||||||||||und||
100
_a
LFY
_9
10674
245
0
_a
November 2010 ; Blender 2.49b, blender 2.54, beta also inclu
260
_a
EFY enterprises
999
_c
139626
_d
139626